| 000 | 01920nam a2200409 c 4500 | ||
|---|---|---|---|
| 001 | 52251 | ||
| 003 | ES-MaCES | ||
| 005 | 20250203133930.0 | ||
| 007 | cr ||||||||||| | ||
| 008 | 220429s2022 sp r 000 | spa d | ||
| 040 |
_aES-MaCES _bspa _cES-MaCES |
||
| 245 | 1 | 0 |
_aLibro blanco sobre la reforma tributaria _hRecurso electrónico _cComité de personas expertas para elaborar el Libro Blanco sobre la reforma tributaria ; presidente, Jesús Ruiz-Huerta Carbonell ; vocales, Francisco Adame Martínez ... [et al.] |
| 260 |
_aMadrid _b[Secretaría de Estado de Hacienda?] _c2022 |
||
| 300 |
_a1 documento pdf _c(14,2 mb) |
||
| 500 | _aEste Informe da cumplimiento a la Resolución de 12 de abril de 2021, de la Secretaría de Estado de Hacienda, por la que se crea el Comité de personas expertas para elaborar el Libro Blanco sobre la reforma tributaria (en adelante: “el Comité”). | ||
| 541 | _cGratuito | ||
| 650 | 4 |
_asistema tributario _928092 |
|
| 650 | 4 |
_areforma tributaria _928091 |
|
| 650 | 4 |
_atributación _928093 |
|
| 650 | 4 |
_aimpuesto _928086 |
|
| 650 | 4 |
_aprotección ambiental _929423 |
|
| 650 | 4 |
_anuevas tecnologías _930788 |
|
| 650 | 4 |
_acambio tecnológico _928236 |
|
| 650 | 4 |
_atecnología de la información _930104 |
|
| 650 | 4 |
_aplanificación en función del género _930645 |
|
| 650 | 4 |
_aEspaña _926964 |
|
| 650 | 4 |
_arepertorio de recomendaciones prácticas _929261 |
|
| 650 | 4 |
_ainforme _928986 |
|
| 653 | 1 | 0 | _aFiscalidad |
| 700 | 1 |
_922866 _aRuiz-Huerta Carbonell, Jesús |
|
| 700 | 1 |
_95594 _aAdame Martínez, Francisco D. |
|
| 710 |
_940313 _aComité de Personas Expertas para elaborar el Libro Blanco sobre la Reforma Tributaria (España) |
||
| 710 | 1 |
_93361 _aEspaña _bSecretaría de Estado de Hacienda _eed. |
|
| 856 | 4 |
_uhttp://biblioteca.ces.es/repintra/B52251.pdf _ytexto completo _z[intrantet] |
|
| 902 | _aELE PUB. ELECTRONICA | ||
| 942 |
_2CES _cBK _h0.1. |
||
| 999 |
_c52251 _d52251 |
||